| 000 | 01908nam a2200529 i 4500 | ||
|---|---|---|---|
| 001 | 44503 | ||
| 003 | KOSZ 005 | ||
| 005 | 20211228123339.0 | ||
| 008 | 040728s2004 pl a f f |001 0 pol | ||
| 015 | _aUWD 2004/15466 | ||
| 020 |
_a8373612939 _q(oprawa miękka): _czł 49,90 |
||
| 035 | _a991024371609705066 | ||
| 035 | _a(PL-WaBN)b16649734-48omnis_nlop | ||
| 035 | _ab16649734 | ||
| 035 | _a(OCoLC)749565140 | ||
| 035 | _azz2004968675 | ||
| 035 | _a(PL)b0000001664973 | ||
| 035 | _a(EXLNZ-48OMNIS_NETWORK)9910336679205606 | ||
| 040 |
_aWA N _cWA N _dKIEL W _dKOSZ 005/HR |
||
| 046 | _k2004 | ||
| 080 |
_81.1\x _a004.42 |
||
| 080 |
_81.2\x _a004.438 |
||
| 080 |
_81.3\x _a(07) |
||
| 100 | 1 |
_aMatulewski, Jacek _d(1972- ) _eAutor |
|
| 245 | 1 | 0 |
_aJBuilder X : _befektywne programowanie w Javie / _cJacek Matulewski. |
| 260 |
_aGliwice : _b"Helion", _ccopyright 2004. |
||
| 300 |
_a378, [6] stron : _brysunki, tablice ; _c24 cm + _eCD-ROM. |
||
| 336 |
_aTekst _btxt _2rdacontent |
||
| 337 |
_aBez urządzenia pośredniczącego _bn _2rdamedia |
||
| 337 |
_3CD-ROM _aKomputer _bc _2rdamedia |
||
| 338 |
_aWolumin _bnc _2rdacarrier |
||
| 338 |
_3CD-ROM _aDyski komputerowy _bcd _2rdacarrier |
||
| 380 | _aKsiążki | ||
| 380 | _aPoradniki i przewodniki | ||
| 380 | _aPublikacje naukowe | ||
| 388 | 1 | _a2001- | |
| 500 | _aNa s.tronie tytułowej i okładce: nie trać czasu na coś, w czym może Cię wyręczyć komputer, zajmij się projektowaniem apletów i aplikacji. | ||
| 504 | _aIndeks. | ||
| 650 | 7 |
_aJBuilder _2DBN |
|
| 650 | 7 |
_aZintegrowane środowiska programistyczne _2DBN |
|
| 655 | 7 |
_aPodręcznik _2DBN |
|
| 658 | _aInformatyka i technologie informacyjne | ||
| 710 | 2 |
_aHelion _4pbl |
|
| 856 |
_uhttp://koha.tu.koszalin.pl/cgi-bin/koha/opac-detail.pl?biblionumber=44503 _yKatalog online BPK |
||
| 942 |
_2UKD _cKS |
||
| 999 |
_c44503 _d44503 |
||